000 01308cam a2200157 4500500
005 20260329023153.0
041 _afre
042 _adc
100 1 0 _aAumont, Jacques
_eauthor
700 1 0 _aMarie, Michel
_eauthor
700 1 0 _aMarié, Michel
_eauthor
245 0 0 _aL'analyse des films
260 _bArmand Colin,
_c2020.
520 _aDepuis sa première édition il y a 25 ans, l’Analyse des films est devenu un classique des études cinématographiques. Après avoir défini l’activité analytique, l’ouvrage présente successivement l’analyse du fait narratif et du récit, l’analyse plastique et sonore, et enfin le rapport à l’histoire. Jacques Aumont et Michel Marie y démontrent que l’analyse prend tout son sens si elle débouche sur une réflexion générale, qui dépasse le cas particulier de l’œuvre étudiée. Ils se sont efforcés de décrire et de commenter les meilleures analyses publiées en français et dans d’autres langues, et d’en retenir les acquis méthodologiques. Les divers outils d’analyse sont illustrés à l’aide de tableaux, de schémas ou de photogrammes, et portent sur des films puisés dans toute l’histoire du cinéma.
856 4 1 _uhttps://shs.cairn.info/l-analyse-des-films--9782200628208?lang=fr&redirect-ssocas=7080
999 _c1925225
_d1925225